000 00444nam a2200193Ia 4500
005 20250603145156.0
008 250603s9999 xx 000 0 und d
020 _a9780273728894
050 _aQA 166 .W55/
100 _aWilson, Robin J.
245 0 _aIntroduction to graph theory
250 _a5th ed.
260 _aHarlow
260 _bPrentice Hall/Pearson
260 _c2010
300 _a184 p
650 _aHarlow
942 _cBK
999 _c41096
_d41096